000 00393nam a2200145Ia 4500
008 090123s9999 xx 000 0 und d
082 _b25636
245 _aएक कटोरा खून
250 _a0
260 _bराज पॉकेट बुक्स
300 _a63
630 _aएक कटोरा खून
730 _aएक कटोरा खून
942 _cBOOK
999 _c63707
_d63707